| 000 | 01266nam a22003497a 4500 | ||
|---|---|---|---|
| 001 | BR8200019 | ||
| 003 | BR-BrBNA | ||
| 005 | 20230928091222.0 | ||
| 007 | ta | ||
| 008 | 230509b bl.||||| |||| 00| 0 por d | ||
| 040 |
_aBR-BrBNA _bpor _cBiblioteca Nacional de Agricultura |
||
| 041 | _a(Por) | ||
| 072 |
_aP05; F22 _b4650 _b/G514 _b/GZ74 |
||
| 090 | _ 4650 BR8200019 | ||
| 100 | 1 | _aZucchi, O.L.A.D. | |
| 110 | 1 |
_aEscola Superior de Agricultura Luiz de Queiroz, Piracicaba, SP (Brasil) _0Tese (Mestre em Energia Nuclear na Agricultura) |
|
| 245 | 1 | _aEquipamentos nucleares na determinacao dos coeficientes de atenuacao de massa de solos e da agua [Recurso energetico; Raio gama; Espectometria; Brasil] | |
| 246 | 1 | _aNuclear equipment to determine soil and water mass attenuation coefficients [Energy resource; Gamma ray; Spectrometry; Brazil] | |
| 260 | 3 |
_aPiracicaba, SP (Brasil): _c1981. |
|
| 300 | _a83 p. | ||
| 500 | _a19 illus.; 16 tables; Summaries (Eng, Por); 47 ref. | ||
| 650 | _aRecurso energetico | ||
| 650 | _aFisica do solo | ||
| 650 | _aRadiacao | ||
| 650 | _aEquipamento nuclear | ||
| 650 | _aEspectrometria | ||
| 650 | _aRaio gama | ||
| 650 | _aSolo | ||
| 650 | _aAgua | ||
| 909 |
_a202309 _bLucia _c55 _dLucia Elande |
||
| 942 | _cBK | ||
| 999 |
_c32898 _d32898 |
||